Cultura generale #1 - Statistics

Statistiche generali
  • Questo quiz è stato fatto 72 volte
  • Il punteggio medio è 4 su 15
Statistiche sulle risposte
Hint Risposta % Corretto
Qual è il plurale corretto della parola “eco”? Echi
94%
Quale elementi chimico prende il nome dal Sole? Elio
47%
Qual è il paese con il maggior numero di vulcani attivi? Indonesia
42%
Chi è l’autore del romanzo Il Gattopardo Giuseppe Tomasi di Lampedusa
39%
Chi ha dipinto il celebre quadro "La libertà che guida il popolo"? Eugène Delacroix
31%
In quale paese si trova il quartier generale dell'Unione Africana? Etiopia
25%
Chi è l'autore del romanzo "Il dottor Zivago"? Boris Pasternak
23%
Chi è l'autore cileno del romanzo La casa degli spiriti pubblicato nel 1982? Isabel Allende
22%
Quale film di Stanley Kubrick è ispirato a un racconto di Arthur C. Clarke? 2001: Odissea nello Spazio
17%
Qual è il nome del palazzo in copertina? Città proibita
17%
Qual è il termine greco che indica la “trasgressione tragica” di un eroe, usato anche in filosofia e psicanalisi? Hybris
16%
Chi ha diretto il film Mulholland Drive, considerato uno dei capolavori del cinema postmoderno? David Lynch
14%
Come si chiama il punto di non ritorno che circonda un buco nero? Orizzonte degli eventi
14%
Chi denunciò per primo il “blocco sociale” nel primo dopoguerra italiano? Piero Calamandrei
5%
Qual era il nome in codice della prigione dove le Brigate Rosse tennero prigioniero Aldo Moro? Prigione del popolo
5%
Nessun quiz corrispondente trovato
Distribuzione punteggi
Percentuale di utenti per punteggio
Percentile per numero di risposta
I tuoi punteggi nel tempo
Non hai fatto questo quiz